000 00608nam a2200229Ia 4500
003 OSt
005 20221007063249.0
006 a|||||r|||| 00| 0
007 ta
008 221006b |||||||| |||| 00| 0 eng d
024 _a10,729
037 _cTextual
040 _aFLL
_cFLL
_beng
041 _2eng
_aeng
082 _aQ1:46, L2
100 _aGhurye G.S. Au.
245 0 _aTwo brahmanical institutions gotra and charana
260 _aBombay
_bPopular pakashan India
_c1972
300 _a323p
_ccm.
942 _hQ1:46, L2
_cTEXL
_2CC
999 _c1130817
_d1130817